书目信息 |
| 书名: | Guide to reference books, 9th edition. supplement | |
| 作者: | edited by Eugene P. Sheehy, with the assistance of Rita G. Keckeissen, Eileen McIlvaine, Diane K. Goon ; pure and applied sciences compiled by Richard J. Dionne, Elizabeth E. Ferguson, Robert C. Michaelson. | |
| 分册号: | ||
| 分册名: | 出版地: | Chicago : |
|
| 出版社: | American Library Association | |
| 出版时间: | 1982. | |
| 页数: | ix, 305 p. ; | |
| 开本: | 27 cm. | |
| 丛书名: | ||
| 中图分类号: | ||
| 科图分类号: | ||
| 其他分类号: | H31-62 | |
| 主题词: | ||
| 电子资源: | ||
| 000 | 00963nam 2200241 4504 | |
| 001 | E0737631371 | |
| 005 | 20070211102835.84 | |
| 008 | 040728s1982 ilu b 00110 eng | |
| 010 | @a82001719 | |
| 020 | @a0-8389-0294-4. | |
| 040 | @aDLC@cDLC@dCIN | |
| 082 | 0 | @a011/.02 @2 19 |
| 090 | @aZ114/W5/SUPPL.2. | |
| 090 | @aH31-62 | |
| 099 | @dH31-62@ex9 | |
| 100 | 1 | @aSheehy, Eugene P.@q(Eugene Paul),@d1922- |
| 245 | 00 | @aGuide to reference books, 9th edition. supplement / @cedited by Eugene P. Sheehy, with the assistance of Rita G. Keckeissen, Eileen McIlvaine, Diane K. Goon ; pure and applied sciences compiled by Richard J. Dionne, Elizabeth E. Ferguson, Robert C. Michaelson. |
| 260 | 0 | @aChicago :@bAmerican Library Association,@c1982. |
| 300 | @aix, 305 p. ;@c27 cm. | |
| 500 | @aIncludes index. | |
| 650 | 0 | @aReference books@xBibliography. |
| 740 | 0 | @aGuide to reference books, 9th edition. Supplement 2. |
| 920 | @a232010@z2 | |
| Guide to reference books, 9th edition. supplement / / edited by Eugene P. Sheehy, with the assistance of Rita G. Keckeissen, Eileen McIlvaine, Diane K. Goon ; pure and applied sciences compiled by Richard J. Dionne, Elizabeth E. Ferguson, Robert C. Michaelson.-Chicago : : American Library Association, , 1982. |
| ix, 305 p. ; ; 27 cm. |
| Includes index. |
| ISBN 0-8389-0294-4. |
| ● |
| 相关链接 |
|
|
|
|
正题名:Guide to reference books, 9th edition. supplement
索取号:H31-62/x9
 
预约/预借
| 序号 | 登录号 | 条形码 | 馆藏地/架位号 | 状态 | 备注 |
| 1 | 180435 | 001181982 | 第四借阅区/ [索取号:H31-62/x9] | 在馆 | |
| 2 | 180436 | 001181991 | 第四借阅区/ [索取号:H31-62/x9] | 在馆 | |
| 3 | 180437 | 001181973 | 第二样本阅览室/ [索取号:H31-62/x9] | 在馆 |